| 000 | 00429nam a2200145Ia 4500 | ||
|---|---|---|---|
| 999 |
_c12980 _d12980 |
||
| 082 | _aTR.0116 | ||
| 100 | _aRamanlal, Shah Dilip | ||
| 245 | 0 | _aEconomic analysis of co-operative dairy industry of Gujarat | |
| 260 |
_c1979 _bM.S. University of Baroda |
||
| 300 | _a467p. + C D - 53 | ||
| 650 | _aDAIRYING - ECONOMIC ASPECTS - GUJARAT | ||
| 650 | _aDAIRYING, COOPERATIVE - GUJARAT | ||
| 710 | _aChokshi, H.P. | ||
| 942 |
_cTH _2ddc |
||